[Event "GER-ch51 final email"]
[Site "GER email"]
[Date "2021.01.18"]
[Round "?"]
[White "Dorer, Manfred"]
[Black "Huber, Martin"]
[Result "1/2-1/2"]
[WhiteElo "2181"]
[BlackElo "2144"]
[PlyCount "126"]
[EventDate "2021.??.??"]
[EventType "tourn (corr)"]
[EventRounds "14"]
[EventCountry "GER"]
[SourceTitle "Corr 2024"]
[Source "ChessBase"]
[SourceDate "2023.10.19"]
[SourceVersion "1"]
[SourceVersionDate "2023.10.19"]
[SourceQuality "1"]

1. d4 d5 2. c4 c6 3. Nf3 Nf6 4. e3 e6 5. b3 Nbd7 6. Bb2 Bd6 7. Bd3 0-0 8. 0-0 b6 9. Nbd2 Bb7 10. Qe2 Qe7 11. Rad1 Rfe8 12. Ne5 c5 13. Nxd7 Nxd7 14. cxd5 exd5 15. Qg4 g6 16. Qe2 Rac8 17. h3 Qe6 18. Rfe1 Bf8 19. Qf1 Nf6 20. Rc1 Rc7 21. Rc2 Rec8 22. Rec1 Bd6 23. Qe1 h6 24. Qe2 Kh7 25. Qe1 Nh5 26. Qd1 Ng3 27. Qe1 Nf5 28. dxc5 bxc5 29. Nf3 Re8 30. Qd2 Rcc8 31. Re1 Ng7 32. Bb5 Rg8 33. Qa5 a6 34. Bf1 Nh5 35. Qc3 Qd7 36. Ne5 Qe7 37. Nf3 f5 38. g3 Rgf8 39. Qd3 Nf6 40. Bxf6 Rxf6 41. Bg2 Re6 42. Rec1 Rd8 43. Qc3 g5 44. Qd3 Kg7 45. Qc3+ Kg8 46. Rd2 f4 47. exf4 gxf4 48. g4 Re8 49. Rdd1 h5 50. Re1 Qg7 51. Qxg7+ Kxg7 52. Rxe6 Rxe6 53. Ne1 hxg4 54. hxg4 Rg6 55. Bf3 Bc8 56. Bxd5 Bxg4 57. Kf1 Bh3+ 58. Ke2 Rg1 59. Rd1 c4 60. Bxc4 Bf1+ 61. Kf3 Bg2+ 62. Ke2 Bf1+ 63. Kf3 Bg2+ 1/2-1/2